000 00920nam0a22002531 4500
001 rc\317995
005 20250621033808.0
010 _a5-08-001748-1
_9300000
035 _a(NLR Aleph) 005552780
090 _a5828326
_c5828326
100 _a20030307d1990 |||y0rusy50 ca
101 0 _arus
102 _aRU
105 _aa |||||||||
200 1 _aЗдравствуй, солнце!
_eСтихи и рассказы рус. писателей о родной природе
_f[Составитель В.А. Гакина
_gХудож. А. Лебедев]
210 _aМ.
_cДет. лит.
_d1990
215 _a126, [1] с.
_cил.
_d21
225 1 _aШкольная библиотека
_iДля начальной школы
702 1 _aГакина
_bВ.А.
_gВера Александровна
_4220
801 0 _aRU
_bNLR
_gpsbo
801 1 _aRU
_bELAR
_2rusmarc
852 _aNLR
_j90-3/2208
942 _cBOOK
980 _aNB